ARRUPE JESUIT UNIVERSITY

CORONAVIRUS -STOP THE SPREAD - CLEAN,DISINFECT,COVER

Common sense (Record no. 120658)

MARC details
000 -LEADER
fixed length control field 00518nam a22001697a 4500
008 - FIXED-LENGTH DATA ELEMENTS--GENERAL INFORMATION
fixed length control field 140606b xxu||||| |||| 00| 0 eng d
020 ## - INTERNATIONAL STANDARD BOOK NUMBER
International Standard Book Number 6780106296029
050 ## - LIBRARY OF CONGRESS CALL NUMBER
Classification number E211.P1198 1997
100 ## - MAIN ENTRY--PERSONAL NAME
Personal name Paine ,Thomas
9 (RLIN) 10706
245 ## - TITLE STATEMENT
Title Common sense
Statement of responsibility, etc Thomas Paine
260 ## - PUBLICATION, DISTRIBUTION, ETC. (IMPRINT)
Place of publication, distribution, etc United States
Name of publisher, distributor, etc Dover Publications
Date of publication, distribution, etc 1997
300 ## - PHYSICAL DESCRIPTION
Extent v, 58p.;
Dimensions 21cm.
650 ## - SUBJECT ADDED ENTRY--TOPICAL TERM
Topical term or geographic name as entry element Political and Government
Geographic subdivision United States
9 (RLIN) 10707
650 ## - SUBJECT ADDED ENTRY--TOPICAL TERM
Topical term or geographic name as entry element Political scince
General subdivision History
9 (RLIN) 10708
650 ## - SUBJECT ADDED ENTRY--TOPICAL TERM
Topical term or geographic name as entry element Mornachy
9 (RLIN) 10709
942 ## - ADDED ENTRY ELEMENTS (KOHA)
Source of classification or shelving scheme Library of Congress Classification
Item type Monograph ( Printed materials)
Koha issues (borrowed), all copies 1
Holdings
Withdrawn status Lost status Source of classification or shelving scheme Damaged status Not for loan Collection code Home library Current library Shelving location Date acquired Total Checkouts Full call number Barcode Date last seen Date last borrowed Price effective from Koha item type
    Library of Congress Classification     Main Collection ARRUPE LIBRARY ARRUPE LIBRARY Main Collection 06/06/2014 1 E211.P1198 1997 46500000698 13/12/2017 06/06/2014 06/06/2014 Monograph ( Printed materials)

 

Arrupe Library. PO Box MP320 Mt Pleasant, Harare, Zimbabwe
263 242 745411|librarian@aju.ac.zw